La educación de jóvenes y adultos en América Latina y El Caribe: hacia un estado del arte. Informe regional de América Latina y El Caribe para la conferencia de seguimiento a CONFINTEA V, Bangkok, septiembre de 2003
Salvato in:
| Ente Autore: | |
|---|---|
| Natura: | Libro |
| Lingua: | spagnolo |
| Pubblicazione: |
Santiago
UNESCO
2004
|
| Soggetti: | |
| Tags: |
Aggiungi Tag
Nessun Tag, puoi essere il primo ad aggiungerne!!
|
MARC
| LEADER | 00000cam a2200000 a 4500 | ||
|---|---|---|---|
| 001 | UCG9163 | ||
| 003 | CL-VaPUC | ||
| 008 | 120127e20041200CL |||||||||||||||||spa|d | ||
| 020 | |a 9568302387 | ||
| 082 | 0 | 4 | |a 370.9 |b UNE |2 21 |
| 110 | 2 | |a UNESCO |e author |9 560606 | |
| 245 | 1 | 3 | |a La educación de jóvenes y adultos en América Latina y El Caribe: hacia un estado del arte. Informe regional de América Latina y El Caribe para la conferencia de seguimiento a CONFINTEA V, Bangkok, septiembre de 2003 |
| 300 | |a 291 p | ||
| 942 | |c BK | ||
| 945 | |d 20120127 00:00:00 |a dcastane | ||
| 260 | |a Santiago |b UNESCO |c 2004 | ||
| 650 | 0 | |a Educación |9 258661 | |
| 650 | 7 | |a EDUCACION DE JOVENES |2 CL-VaPUC |9 560607 | |
| 650 | 0 | |a Educación de adultos |9 307580 | |
| 651 | 0 | |a América Latina |9 255027 | |
| 651 | 0 | |a El Caribe |9 341255 | |
| 583 | |a last modification |c 20171122 02:03:06 |k Rodrigo Vera | ||
| 999 | |c 346730 |d 346728 | ||
| 952 | |0 0 |1 0 |4 0 |6 370_900000000000000_UNE_2004 |7 0 |8 A |9 447545 |a BIBEDU |b BIBEDU |d 2019-11-22 |i 4838149 |l 2 |o 370.9 UNE 2004 |p 4838149 |r 2022-05-12 |s 2022-05-12 |w 2019-11-22 |y BK |k EPE | ||
| 952 | |0 0 |1 0 |4 0 |6 370_900000000000000_UNE_2004 |7 0 |8 A |9 447546 |a BIBEDU |b BIBEDU |d 2019-11-22 |i 4839471 |o 370.9 UNE 2004 |p 4839471 |r 2019-11-22 |w 2019-11-22 |y BK |k EPE | ||